| 000 | 00734nam a2200217Ia 4500 | ||
|---|---|---|---|
| 001 | 5696 | ||
| 003 | GE_BSU | ||
| 008 | 181216s||||||||xx |||||||||||||| ||und|| | ||
| 040 | _cGE_BSU | ||
| 080 | _a51+511 | ||
| 245 | _aАлгебра и теория чисел | ||
| 245 | _bУчебное пособ. Для студ-заочников II курса физ.-мат. фак. пед. ин-тов Московский гос заочный пед ин-ут | ||
| 245 | _cПод. ред Н.Я. Виленкина | ||
| 250 | _aИзд-е 2-е | ||
| 260 | _aМосква | ||
| 260 | _bПросвещение | ||
| 260 | _c1984 | ||
| 300 | _a190стр. 22см. | ||
| 653 | _aАлгебре и теория чисел | ||
| 942 | _cBK | ||
| 999 |
_c39116 _d39116 |
||